Gaming Quiz

Random Gaming or Pokémon Quiz

Pokemon Names by Synonym Quiz Stats

 Plays Quiz not verified by Sporcle

Challenge
Share
Tweet
Embed
Score 0/40 Timer 10:00
0 Plays Today
Synonyms Pokemon % Correct
leap + fuzzJumpluff
48.5%
cleave + snakeSeviper
45.5%
secret (adj.) + dogArcanine
42.4%
detonate + high-volumeExploud
42.4%
brash & manly + throttle (v.)Machoke
36.4%
tissue inside bone + strike (v.)Marowak
36.4%
weak + gamefishFeebas
33.3%
set of musical pitches + tale with a moralClefable
30.3%
woods + strongholdForretress
30.3%
coffin + silk casingCascoon
27.3%
seclude + molluskCloyster
27.3%
unearth + power toolExcadrill
27.3%
barb + magmaQuilava
27.3%
pair + synthesisDuosion
24.2%
copper alloy + percussion instrumentBronzong
21.2%
snail + horsemanEscavalier
21.2%
ablaze + cord in waxLitwick
21.2%
bog + immobileSwampert
21.2%
refuse (n.) + stenchGarbodor
18.2%
fragrant flower + facadeRoserade
18.2%
Synonyms Pokemon % Correct
dust + chop (v.)Sandslash
18.2%
watchman + stoatSentret
18.2%
iron (adj.) + nettleFerrothorn
15.2%
foliage + governessLeavanny
15.2%
feeler + sadisticTentacruel
15.2%
disagreeable + wildfowlUnfezant
15.2%
monolith + unrefined metalBoldore
12.1%
rime + maidenFroslass
12.1%
leech + arthropodParasect
12.1%
mouth + ruseMawile
9.1%
less than a growl + stealPurrloin
9.1%
devious + topiaryShiftry
9.1%
muddle + developmentTangrowth
9.1%
child + scoundrelTyrogue
9.1%
impish + lurking fearMisdreavus
6.1%
quiver + pummelWobbuffet
6.1%
clergyman + barbedBisharp
3%
stab + crevasseGorebyss
3%
contemplate + tinyMeditite
3%
snuffle + obliviousSnorlax
3%

You're not logged in!

Compare scores with friends on all Sporcle quizzes.
OR
Log In

You Might Also Like...

Show Comments

Extras

Top Quizzes Today


Score Distribution

Your Account Isn't Verified!

In order to create a playlist on Sporcle, you need to verify the email address you used during registration. Go to your Sporcle Settings to finish the process.

Report this User

Report this user for behavior that violates our Community Guidelines.

Details: